000 00432nam a2200157 i 4500
001 34321
003 ES-MaACL
005 20230906154919.0
007 t|
008 030204s1934 xxu ||||1| eng d
100 1 _aBlodgett, Harold.
_929530
245 1 0 _aWalt whitman in England /
_cby Harold Blodgett.
260 _aIthaca, NY :
_bCornell University Press,
_c1934.
300 _aIX, 244 p. ;
_c22 cm.
852 _aES-MaACL
_jA-4463
999 _c34321
_d34321